Recruitment near conspecific adults and the maintenance of tree and shrub diversity in a neotropical forest (Registro nro. 9823)
[ vista simple ]
| 000 -CABECERA | |
|---|---|
| Campo de control | 006780000a22002050004500 |
| 090 ## - CLASIFICACIÓN LOCAL | |
| Colección | AR |
| Consecutivo | 00732 |
| 041 0# - IDIOMA | |
| Código de idioma para texto/pista de sonido o título separado | |
| 100 1# - ASIENTO PRINCIPAL--NOMBRE PERSONAL | |
| Nombre personal | Condit, Richard |
| 245 10 - MENCION DE TITULO | |
| Título | Recruitment near conspecific adults and the maintenance of tree and shrub diversity in a neotropical forest |
| 650 14 - ASIENTO SECUNDARIO DE MATERIA - TERMINO TEMATICO | |
| Término temático o nombre geográfico como elemento de entrada | Patrones espaciales |
| 650 14 - ASIENTO SECUNDARIO DE MATERIA - TERMINO TEMATICO | |
| Término temático o nombre geográfico como elemento de entrada | Riqueza de especies |
| 650 14 - ASIENTO SECUNDARIO DE MATERIA - TERMINO TEMATICO | |
| Término temático o nombre geográfico como elemento de entrada | Diversidad vegetal |
| 650 14 - ASIENTO SECUNDARIO DE MATERIA - TERMINO TEMATICO | |
| Término temático o nombre geográfico como elemento de entrada | Arboles |
| 650 14 - ASIENTO SECUNDARIO DE MATERIA - TERMINO TEMATICO | |
| Término temático o nombre geográfico como elemento de entrada | Arbustos |
| 651 #4 - ASIENTO SECUNDARIO DE MATERIA - NOMBRE GEOGRAFICO | |
| -- | Isla Barro Colorado |
| -- | Panamá |
| 700 1# - ASIENTO SECUNDARIO - NOMBRE PERSONAL | |
| Nombre personal | Hubbell, Stephen P. |
| 700 1# - ASIENTO SECUNDARIO - NOMBRE PERSONAL | |
| Nombre personal | Foster, Robin B. |
| 773 1# - Item fuente: | |
| Título | American Naturalist |
| Especificación de materiales | 122 |
| Descripción física | 2 |
| Paginas del Articulo | 261-286 |
| Lugar, editorial y fecha de publicación | 1992 |
| Información sobre la relación | 140 |
| 942 ## - ELEMENTOS ADICIONALES (KOHA) | |
| Tipo de ítem | Artículo |
| Withdrawn status | Lost status | Damaged status | No para préstamo | Colección | Ubicación Permanente | Ubicación actual | Fecha de adquisición | Fuente de Valor | Datos de publicación Seriada | Total Checkouts | Número topográfico | Inventario / Código de Barras | Date last seen | Ejemplar | Price effective from | Forma de adquisición | Tipo de material |
|---|---|---|---|---|---|---|---|---|---|---|---|---|---|---|---|---|---|
| No para Préstamo | Hemeroteca | Bogotá | Bogotá | 27/02/2015 | Muñoz Saba, Yaneth | Fuera de circulación | AR 00732 | 011049 | 25/03/2015 | 1 | 25/03/2015 | Artículo |